|
|
|
|
| LEADER |
00000nam0a2200000 4500 |
| 001 |
269620 |
| 005 |
20231101234254.0 |
| 035 |
|
|
|a (RuTPU)RU\TPU\book\292797
|
| 090 |
|
|
|a 269620
|
| 100 |
|
|
|a 20140919d1987 km y0rusy50 ca
|
| 101 |
0 |
|
|a rus
|
| 102 |
|
|
|a RU
|
| 105 |
|
|
|a a z 001zy
|
| 200 |
1 |
|
|a Прямые и обратные задачи химической термодинамики
|e [сборник]
|f Академия наук СССР (АН СССР), Сибирское отделение (СО), Институт неорганической химии им. А. В. Николаева (ИНХ) ; отв. ред. В. А. Титов
|
| 210 |
|
|
|a Новосибирск
|c Наука
|d 1987
|
| 215 |
|
|
|a 144 с.
|c ил.
|
| 320 |
|
|
|a Библиогр. в конце ст.
|
| 606 |
1 |
|
|a Термодинамика химическая
|x Математические методы
|2 stltpush
|3 (RuTPU)RU\TPU\subj\59930
|9 77422
|
| 610 |
1 |
|
|a химические эксперименты
|
| 610 |
1 |
|
|a планирование
|
| 610 |
1 |
|
|a модели
|
| 610 |
1 |
|
|a равновесие
|
| 610 |
1 |
|
|a фазовое равновесие
|
| 610 |
1 |
|
|a фазовые диаграммы
|
| 610 |
1 |
|
|a химическая термодинамика
|
| 610 |
1 |
|
|a микроЭВМ
|
| 610 |
1 |
|
|a органические соединения
|
| 610 |
1 |
|
|a свойства
|
| 675 |
|
|
|a 544.3:51
|v 4
|
| 702 |
|
1 |
|a Титов
|b В. А.
|4 340
|
| 712 |
0 |
2 |
|a Академия наук СССР (АН СССР)
|b Сибирское отделение (СО)
|b Институт неорганической химии им. А. В. Николаева (ИНХ)
|c (Новосибирск)
|2 stltpush
|3 (RuTPU)RU\TPU\col\12178
|
| 801 |
|
1 |
|a RU
|b 63413507
|c 20140919
|
| 801 |
|
2 |
|a RU
|b 63413507
|c 20200128
|g RCR
|
| 942 |
|
|
|c BK
|